000 00503nam a22001457a 4500
003 OSt
005 20230919212220.0
008 230919b |||||||| |||| 00| 0 eng d
040 _cCO-JMCR
082 0 4 _aC /
_bPUEp
100 1 0 _aPanamericana,
_eautor
_942915
245 _aPuedo contar /
_cPanamericana
520 _aAprende a contar de uno a diez en tres sencillas etapas. Cada página es una pizarra de tiza líquida en la que podrás ir practicando hasta que aprendas los números.
942 _2ddc
_cBK
999 _c30259
_d16643